Torschützenkönige in der Geschichte des AS Monaco - Statistiken

Allgemein
  • Dieses Quiz wurde 6 mal gespielt
  • Das Durchschnittsergebnis liegt bei 2 aus 10
Antwortstatistiken
Tore Nationalität Spieler % Korrekt
83 Kolumbien Radamel Falcao
100%
77 Nigeria Victor Ikpeba
40%
67 Frankreich Ludovic Giuly
20%
113 Frankreich Wissam Ben Yedder
20%
193 Italien / Argentinien Delio Onnis
0%
114 Frankreich Lucien Cossou
0%
67 Demokratische Republik Kongo Shabani Nonda
0%
67 Brasilien Sonny Anderson
0%
68 Frankreich Youri Djorkaeff
0%
74 Frankreich Yvon Douis
0%
Keine übereinstimmenden Quizze gefunden
Verteilung der Resultate
Anzahl Personen mit jedem Resultat
Perzentil nach korrekt beantworteten Fragen
Ihre Resultats-Entwicklung
Sie haben dieses Quiz noch nicht gespielt